| 000 | 00551nam a22001817a 4500 | ||
|---|---|---|---|
| 003 | OSt | ||
| 005 | 20180116183046.0 | ||
| 008 | 160720b xxu||||| |||| 00| 0 eng d | ||
| 020 | _a9781859641347 | ||
| 040 | _c0 | ||
| 082 | _a297 UND 2000 | ||
| 100 | _aPublished by garner Publishing Limited | ||
| 245 |
_aUnderstanding Islam Basic Principles _cPublished by garner Publishing Limited |
||
| 260 |
_aUK _bPublished by garner Publishing Limited _c2000 |
||
| 300 |
_a99 p. _bPB |
||
| 440 | _aUnderstanding Islam Basic Principles | ||
| 942 |
_2ddc _cBK |
||
| 999 |
_c351436 _d351436 |
||